<?xml version="1.0" encoding="UTF-8"?>
<record
    xmlns:xsi="http://www.w3.org/2001/XMLSchema-instance"
    xsi:schemaLocation="http://www.loc.gov/MARC21/slim http://www.loc.gov/standards/marcxml/schema/MARC21slim.xsd"
    xmlns="http://www.loc.gov/MARC21/slim">

  <leader>00802nam a2200253Ia 4500</leader>
  <controlfield tag="005">20260414150020.0</controlfield>
  <controlfield tag="008">210303s9999    xx            000 0 und d</controlfield>
  <datafield tag="016" ind1=" " ind2=" ">
    <subfield code="2">reto2022b</subfield>
  </datafield>
  <datafield tag="020" ind1=" " ind2=" ">
    <subfield code="a">9788123908915</subfield>
  </datafield>
  <datafield tag="040" ind1=" " ind2=" ">
    <subfield code="a">NLN</subfield>
    <subfield code="b">English</subfield>
  </datafield>
  <datafield tag="050" ind1=" " ind2=" ">
    <subfield code="a">TL240</subfield>
    <subfield code="b">.H465</subfield>
  </datafield>
  <datafield tag="082" ind1=" " ind2=" ">
    <subfield code="a">629.231</subfield>
  </datafield>
  <datafield tag="100" ind1=" " ind2=" ">
    <subfield code="a">HEITNER, Joseph</subfield>
    <subfield code="e">aut</subfield>
    <subfield code="9">47676</subfield>
  </datafield>
  <datafield tag="245" ind1=" " ind2="0">
    <subfield code="a">Automotive mechanics ;</subfield>
    <subfield code="b">principles and practices /</subfield>
    <subfield code="c">Joseph Heitner</subfield>
  </datafield>
  <datafield tag="250" ind1=" " ind2=" ">
    <subfield code="a">2nd.ed</subfield>
  </datafield>
  <datafield tag="260" ind1=" " ind2=" ">
    <subfield code="a">New Delhi, India :</subfield>
    <subfield code="b">CBS Publishers and Disrtibutors Private,</subfield>
    <subfield code="c">2004</subfield>
  </datafield>
  <datafield tag="300" ind1=" " ind2=" ">
    <subfield code="a">vii, 608p. :</subfield>
    <subfield code="b">ill. ; 22cm.</subfield>
  </datafield>
  <datafield tag="563" ind1=" " ind2=" ">
    <subfield code="a">(pbk)</subfield>
  </datafield>
  <datafield tag="650" ind1=" " ind2=" ">
    <subfield code="a">Automobiles </subfield>
    <subfield code="v">Design and construction</subfield>
    <subfield code="9">47677</subfield>
  </datafield>
  <datafield tag="650" ind1=" " ind2=" ">
    <subfield code="a">Automobiles</subfield>
    <subfield code="v">Maintainance and repair </subfield>
    <subfield code="9">47678</subfield>
  </datafield>
  <datafield tag="650" ind1=" " ind2=" ">
    <subfield code="a">Motor vehicles</subfield>
    <subfield code="9">47679</subfield>
  </datafield>
  <datafield tag="650" ind1=" " ind2=" ">
    <subfield code="a">Transportation, Automotive</subfield>
    <subfield code="9">41795</subfield>
  </datafield>
  <datafield tag="942" ind1=" " ind2=" ">
    <subfield code="c">BK</subfield>
  </datafield>
  <datafield tag="999" ind1=" " ind2=" ">
    <subfield code="c">26013</subfield>
    <subfield code="d">26013</subfield>
  </datafield>
  <datafield tag="952" ind1=" " ind2=" ">
    <subfield code="0">0</subfield>
    <subfield code="1">0</subfield>
    <subfield code="2">lcc</subfield>
    <subfield code="4">0</subfield>
    <subfield code="7">0</subfield>
    <subfield code="a">LAG</subfield>
    <subfield code="b">MAIN</subfield>
    <subfield code="d">2021-03-04</subfield>
    <subfield code="l">0</subfield>
    <subfield code="o">TL240 .H465</subfield>
    <subfield code="p">2026-461785</subfield>
    <subfield code="r">2021-03-04 00:00:00</subfield>
    <subfield code="w">2021-03-04</subfield>
    <subfield code="y">BK</subfield>
  </datafield>
</record>
